| 000 | 003420000a22001450004500 | ||
|---|---|---|---|
| 003 | MACL | ||
| 040 | _aMACL | ||
| 090 |
_c32996 _d32994 |
||
| 100 | _aDatason, Dr R P | ||
| 245 | _aS S C Matric Level Combined (Prel) Examination | ||
| 260 |
_bNew Light Publishers _c2002 |
||
| 350 | _a75 | ||
| 650 | _aHigher Education | ||
| 942 |
_cBOOK _k378/DAT |
||
| 999 |
_c32659 _d32659 |
||